000
00222nam a22000857a 4500
008
170127b xxu||||| |||| 00| 0 eng d
100
_9
2601
_a
Verma.etal.
245
_a
Concepts of Mathematics-8
260
_a
New delhi
_b
Prachi
_c
2008
999
_c
5739
_d
5739